000 00396nam a2200145Ia 4500
008 240624s9999 xx 000 0 und d
041 _aeng
082 _a338.5 LIE
100 _aLIEBERMAN MARC
245 _aPRINCIPLES AND APPLICATIONS OF MICROECON
250 _a(5th ed.)
260 _c2010
_aAustralia
_bSouth-Western Cengage Learning
300 _axvi, : 520 : p. : cm. ; 27
365 _c
_b25
999 _c16777
_d16777